<?xml version="1.0" encoding="UTF-8"?>
<marc:record xmlns:marc="http://www.loc.gov/MARC21/slim" type="Bibliographic">
   <marc:leader>00000pam a2200000 c 4500</marc:leader>
   <marc:controlfield tag="001">979842778</marc:controlfield>
   <marc:controlfield tag="003">DE-101</marc:controlfield>
   <marc:controlfield tag="005">20171201235610.0</marc:controlfield>
   <marc:controlfield tag="007">tu</marc:controlfield>
   <marc:controlfield tag="008">060519s2007    gw ||||| |||| 00||||ger  </marc:controlfield>
   <marc:datafield ind1=" " ind2=" " tag="015">
      <marc:subfield code="a">07,A17,0379</marc:subfield>
      <marc:subfield code="z">06,N25,0491</marc:subfield>
      <marc:subfield code="2">dnb</marc:subfield>
   </marc:datafield>
   <marc:datafield ind1="7" ind2=" " tag="016">
      <marc:subfield code="2">DE-101</marc:subfield>
      <marc:subfield code="a">979842778</marc:subfield>
   </marc:datafield>
   <marc:datafield ind1=" " ind2=" " tag="020">
      <marc:subfield code="a">9783518124833</marc:subfield>
      <marc:subfield code="c">kart. : EUR 9.00</marc:subfield>
      <marc:subfield code="9">978-3-518-12483-3</marc:subfield>
   </marc:datafield>
   <marc:datafield ind1=" " ind2=" " tag="020">
      <marc:subfield code="a">3518124838</marc:subfield>
      <marc:subfield code="c">kart. : EUR 9.00</marc:subfield>
      <marc:subfield code="9">3-518-12483-8</marc:subfield>
   </marc:datafield>
   <marc:datafield ind1="3" ind2=" " tag="024">
      <marc:subfield code="a">9783518124833</marc:subfield>
   </marc:datafield>
   <marc:datafield ind1="5" ind2="2" tag="028">
      <marc:subfield code="a">Best.-Nr. 12483</marc:subfield>
   </marc:datafield>
   <marc:datafield ind1=" " ind2=" " tag="035">
      <marc:subfield code="a">(DE-599)DNB979842778</marc:subfield>
   </marc:datafield>
   <marc:datafield ind1=" " ind2=" " tag="035">
      <marc:subfield code="a">(OCoLC)180920365</marc:subfield>
   </marc:datafield>
   <marc:datafield ind1=" " ind2=" " tag="040">
      <marc:subfield code="a">1245</marc:subfield>
      <marc:subfield code="b">ger</marc:subfield>
      <marc:subfield code="c">DE-101</marc:subfield>
      <marc:subfield code="d">9999</marc:subfield>
   </marc:datafield>
   <marc:datafield ind1=" " ind2=" " tag="041">
      <marc:subfield code="a">ger</marc:subfield>
      <marc:subfield code="h">eng</marc:subfield>
   </marc:datafield>
   <marc:datafield ind1=" " ind2=" " tag="044">
      <marc:subfield code="c">XA-DE-HE</marc:subfield>
   </marc:datafield>
   <marc:datafield ind1="0" ind2="4" tag="082">
      <marc:subfield code="8">1\u</marc:subfield>
      <marc:subfield code="a">320.5</marc:subfield>
      <marc:subfield code="q">DE-101</marc:subfield>
      <marc:subfield code="2">22/ger</marc:subfield>
   </marc:datafield>
   <marc:datafield ind1="7" ind2=" " tag="083">
      <marc:subfield code="a">320</marc:subfield>
      <marc:subfield code="q">DE-101</marc:subfield>
      <marc:subfield code="2">22sdnb</marc:subfield>
   </marc:datafield>
   <marc:datafield ind1=" " ind2=" " tag="085">
      <marc:subfield code="8">1\u</marc:subfield>
      <marc:subfield code="b">320.5</marc:subfield>
   </marc:datafield>
   <marc:datafield ind1="1" ind2=" " tag="100">
      <marc:subfield code="0">(DE-588)119504898</marc:subfield>
      <marc:subfield code="0">http://d-nb.info/gnd/119504898</marc:subfield>
      <marc:subfield code="0">(DE-101)119504898</marc:subfield>
      <marc:subfield code="a">Mouffe, Chantal</marc:subfield>
      <marc:subfield code="d">1943-</marc:subfield>
      <marc:subfield code="e">Verfasser</marc:subfield>
      <marc:subfield code="4">aut</marc:subfield>
   </marc:datafield>
   <marc:datafield ind1="0" ind2="0" tag="245">
      <marc:subfield code="a">Über das Politische</marc:subfield>
      <marc:subfield code="b">wider die kosmopolitische Illusion</marc:subfield>
      <marc:subfield code="c">Chantal Mouffe. Aus dem Engl. von Niels Neumeier</marc:subfield>
   </marc:datafield>
   <marc:datafield ind1=" " ind2=" " tag="250">
      <marc:subfield code="a">Dt. Erstausg., 1. Aufl.</marc:subfield>
   </marc:datafield>
   <marc:datafield ind1=" " ind2=" " tag="259">
      <marc:subfield code="a">11</marc:subfield>
   </marc:datafield>
   <marc:datafield ind1=" " ind2="1" tag="264">
      <marc:subfield code="a">Frankfurt, M.</marc:subfield>
      <marc:subfield code="b">Suhrkamp</marc:subfield>
      <marc:subfield code="c">2007</marc:subfield>
   </marc:datafield>
   <marc:datafield ind1=" " ind2=" " tag="300">
      <marc:subfield code="a">169 S.</marc:subfield>
      <marc:subfield code="c">18 cm</marc:subfield>
   </marc:datafield>
   <marc:datafield ind1=" " ind2=" " tag="336">
      <marc:subfield code="a">Text</marc:subfield>
      <marc:subfield code="b">txt</marc:subfield>
      <marc:subfield code="2">rdacontent</marc:subfield>
   </marc:datafield>
   <marc:datafield ind1=" " ind2=" " tag="337">
      <marc:subfield code="a">ohne Hilfsmittel zu benutzen</marc:subfield>
      <marc:subfield code="b">n</marc:subfield>
      <marc:subfield code="2">rdamedia</marc:subfield>
   </marc:datafield>
   <marc:datafield ind1=" " ind2=" " tag="338">
      <marc:subfield code="a">Band</marc:subfield>
      <marc:subfield code="b">nc</marc:subfield>
      <marc:subfield code="2">rdacarrier</marc:subfield>
   </marc:datafield>
   <marc:datafield ind1="1" ind2=" " tag="490">
      <marc:subfield code="a">Edition Suhrkamp</marc:subfield>
      <marc:subfield code="v">2483</marc:subfield>
   </marc:datafield>
   <marc:datafield ind1="1" ind2="7" tag="600">
      <marc:subfield code="0">(DE-588)11860922X</marc:subfield>
      <marc:subfield code="0">http://d-nb.info/gnd/11860922X</marc:subfield>
      <marc:subfield code="0">(DE-101)11860922X</marc:subfield>
      <marc:subfield code="a">Schmitt, Carl</marc:subfield>
      <marc:subfield code="d">1888-1985</marc:subfield>
      <marc:subfield code="2">gnd</marc:subfield>
   </marc:datafield>
   <marc:datafield ind1=" " ind2="7" tag="650">
      <marc:subfield code="0">(DE-588)4011413-2</marc:subfield>
      <marc:subfield code="0">http://d-nb.info/gnd/4011413-2</marc:subfield>
      <marc:subfield code="0">(DE-101)040114139</marc:subfield>
      <marc:subfield code="a">Demokratie</marc:subfield>
      <marc:subfield code="2">gnd</marc:subfield>
   </marc:datafield>
   <marc:datafield ind1=" " ind2="7" tag="650">
      <marc:subfield code="0">(DE-588)4211500-0</marc:subfield>
      <marc:subfield code="0">http://d-nb.info/gnd/4211500-0</marc:subfield>
      <marc:subfield code="0">(DE-101)042115000</marc:subfield>
      <marc:subfield code="a">Politisches Ziel</marc:subfield>
      <marc:subfield code="2">gnd</marc:subfield>
   </marc:datafield>
   <marc:datafield ind1=" " ind2="7" tag="650">
      <marc:subfield code="0">(DE-588)4010504-0</marc:subfield>
      <marc:subfield code="0">http://d-nb.info/gnd/4010504-0</marc:subfield>
      <marc:subfield code="0">(DE-101)040105040</marc:subfield>
      <marc:subfield code="a">Konsens</marc:subfield>
      <marc:subfield code="2">gnd</marc:subfield>
   </marc:datafield>
   <marc:datafield ind1=" " ind2="7" tag="650">
      <marc:subfield code="0">(DE-588)4033229-9</marc:subfield>
      <marc:subfield code="0">http://d-nb.info/gnd/4033229-9</marc:subfield>
      <marc:subfield code="0">(DE-101)040332292</marc:subfield>
      <marc:subfield code="a">Kritik</marc:subfield>
      <marc:subfield code="2">gnd</marc:subfield>
   </marc:datafield>
   <marc:datafield ind1=" " ind2="7" tag="650">
      <marc:subfield code="0">(DE-588)4136977-4</marc:subfield>
      <marc:subfield code="0">http://d-nb.info/gnd/4136977-4</marc:subfield>
      <marc:subfield code="0">(DE-101)041369777</marc:subfield>
      <marc:subfield code="a">&#x98;Das&#x9c; Politische</marc:subfield>
      <marc:subfield code="2">gnd</marc:subfield>
   </marc:datafield>
   <marc:datafield ind1=" " ind2="7" tag="650">
      <marc:subfield code="0">(DE-588)4005248-5</marc:subfield>
      <marc:subfield code="0">http://d-nb.info/gnd/4005248-5</marc:subfield>
      <marc:subfield code="0">(DE-101)040052486</marc:subfield>
      <marc:subfield code="a">Begriff</marc:subfield>
      <marc:subfield code="2">gnd</marc:subfield>
   </marc:datafield>
   <marc:datafield ind1=" " ind2="7" tag="650">
      <marc:subfield code="0">(DE-588)4787401-6</marc:subfield>
      <marc:subfield code="0">http://d-nb.info/gnd/4787401-6</marc:subfield>
      <marc:subfield code="0">(DE-101)971804303</marc:subfield>
      <marc:subfield code="a">Multipolarität</marc:subfield>
      <marc:subfield code="2">gnd</marc:subfield>
   </marc:datafield>
   <marc:datafield ind1=" " ind2=" " tag="653">
      <marc:subfield code="a">(VLB-PF)BC: Paperback</marc:subfield>
   </marc:datafield>
   <marc:datafield ind1="0" ind2="0" tag="689">
      <marc:subfield code="0">(DE-588)4011413-2</marc:subfield>
      <marc:subfield code="0">http://d-nb.info/gnd/4011413-2</marc:subfield>
      <marc:subfield code="0">(DE-101)040114139</marc:subfield>
      <marc:subfield code="D">s</marc:subfield>
      <marc:subfield code="a">Demokratie</marc:subfield>
   </marc:datafield>
   <marc:datafield ind1="0" ind2="1" tag="689">
      <marc:subfield code="0">(DE-588)4211500-0</marc:subfield>
      <marc:subfield code="0">http://d-nb.info/gnd/4211500-0</marc:subfield>
      <marc:subfield code="0">(DE-101)042115000</marc:subfield>
      <marc:subfield code="D">s</marc:subfield>
      <marc:subfield code="a">Politisches Ziel</marc:subfield>
   </marc:datafield>
   <marc:datafield ind1="0" ind2="2" tag="689">
      <marc:subfield code="0">(DE-588)4010504-0</marc:subfield>
      <marc:subfield code="0">http://d-nb.info/gnd/4010504-0</marc:subfield>
      <marc:subfield code="0">(DE-101)040105040</marc:subfield>
      <marc:subfield code="D">s</marc:subfield>
      <marc:subfield code="a">Konsens</marc:subfield>
   </marc:datafield>
   <marc:datafield ind1="0" ind2="3" tag="689">
      <marc:subfield code="0">(DE-588)4033229-9</marc:subfield>
      <marc:subfield code="0">http://d-nb.info/gnd/4033229-9</marc:subfield>
      <marc:subfield code="0">(DE-101)040332292</marc:subfield>
      <marc:subfield code="D">s</marc:subfield>
      <marc:subfield code="a">Kritik</marc:subfield>
   </marc:datafield>
   <marc:datafield ind1="0" ind2=" " tag="689">
      <marc:subfield code="5">DE-101</marc:subfield>
      <marc:subfield code="5">DE-101</marc:subfield>
   </marc:datafield>
   <marc:datafield ind1="1" ind2="0" tag="689">
      <marc:subfield code="0">(DE-588)11860922X</marc:subfield>
      <marc:subfield code="0">http://d-nb.info/gnd/11860922X</marc:subfield>
      <marc:subfield code="0">(DE-101)11860922X</marc:subfield>
      <marc:subfield code="D">p</marc:subfield>
      <marc:subfield code="a">Schmitt, Carl</marc:subfield>
      <marc:subfield code="d">1888-1985</marc:subfield>
   </marc:datafield>
   <marc:datafield ind1="1" ind2="1" tag="689">
      <marc:subfield code="0">(DE-588)4136977-4</marc:subfield>
      <marc:subfield code="0">http://d-nb.info/gnd/4136977-4</marc:subfield>
      <marc:subfield code="0">(DE-101)041369777</marc:subfield>
      <marc:subfield code="D">s</marc:subfield>
      <marc:subfield code="a">&#x98;Das&#x9c; Politische</marc:subfield>
   </marc:datafield>
   <marc:datafield ind1="1" ind2="2" tag="689">
      <marc:subfield code="0">(DE-588)4005248-5</marc:subfield>
      <marc:subfield code="0">http://d-nb.info/gnd/4005248-5</marc:subfield>
      <marc:subfield code="0">(DE-101)040052486</marc:subfield>
      <marc:subfield code="D">s</marc:subfield>
      <marc:subfield code="a">Begriff</marc:subfield>
   </marc:datafield>
   <marc:datafield ind1="1" ind2=" " tag="689">
      <marc:subfield code="5">DE-101</marc:subfield>
      <marc:subfield code="5">DE-101</marc:subfield>
   </marc:datafield>
   <marc:datafield ind1="2" ind2="0" tag="689">
      <marc:subfield code="0">(DE-588)4787401-6</marc:subfield>
      <marc:subfield code="0">http://d-nb.info/gnd/4787401-6</marc:subfield>
      <marc:subfield code="0">(DE-101)971804303</marc:subfield>
      <marc:subfield code="D">s</marc:subfield>
      <marc:subfield code="a">Multipolarität</marc:subfield>
   </marc:datafield>
   <marc:datafield ind1="2" ind2=" " tag="689">
      <marc:subfield code="5">DE-101</marc:subfield>
      <marc:subfield code="5">DE-101</marc:subfield>
   </marc:datafield>
   <marc:datafield ind1="1" ind2="2" tag="700">
      <marc:subfield code="a">Mouffe, Chantal</marc:subfield>
      <marc:subfield code="d">1943-</marc:subfield>
      <marc:subfield code="t">On the political</marc:subfield>
      <marc:subfield code="g">dt.</marc:subfield>
   </marc:datafield>
   <marc:datafield ind1=" " ind2="0" tag="830">
      <marc:subfield code="a">Edition Suhrkamp</marc:subfield>
      <marc:subfield code="v">2483</marc:subfield>
      <marc:subfield code="w">(DE-101)013316796</marc:subfield>
      <marc:subfield code="w">(DE-600)583809-5</marc:subfield>
      <marc:subfield code="9">42483</marc:subfield>
      <marc:subfield code="7">as</marc:subfield>
   </marc:datafield>
   <marc:datafield ind1=" " ind2=" " tag="850">
      <marc:subfield code="a">DE-101a</marc:subfield>
      <marc:subfield code="a">DE-101b</marc:subfield>
   </marc:datafield>
   <marc:datafield ind1="4" ind2="2" tag="856">
      <marc:subfield code="m">V:DE-601</marc:subfield>
      <marc:subfield code="q">application/pdf</marc:subfield>
      <marc:subfield code="u">http://d-nb.info/979842778/04</marc:subfield>
      <marc:subfield code="3">Inhaltsverzeichnis</marc:subfield>
   </marc:datafield>
   <marc:datafield ind1="r" ind2=" " tag="925">
      <marc:subfield code="a">ra</marc:subfield>
   </marc:datafield>
</marc:record>
